<?xml version="1.0" encoding="UTF-8"?>
<record
    xmlns:xsi="http://www.w3.org/2001/XMLSchema-instance"
    xsi:schemaLocation="http://www.loc.gov/MARC21/slim http://www.loc.gov/standards/marcxml/schema/MARC21slim.xsd"
    xmlns="http://www.loc.gov/MARC21/slim">

  <leader>00203nam a2200085   4500</leader>
  <controlfield tag="001">1244682</controlfield>
  <controlfield tag="005">20251023090737.0</controlfield>
  <datafield tag="245" ind1=" " ind2=" ">
    <subfield code="a">A&#x15E;KIN G&#xD6;ZYA&#x15E;LARI</subfield>
    <subfield code="c">S&#x130;NAN YA&#x11E;MUR</subfield>
  </datafield>
  <datafield tag="260" ind1=" " ind2=" ">
    <subfield code="b">KARATAY AKADEM&#x130; YAYINLARI</subfield>
  </datafield>
  <datafield tag="999" ind1=" " ind2=" ">
    <subfield code="c">1244682</subfield>
    <subfield code="d">1244682</subfield>
  </datafield>
  <datafield tag="952" ind1=" " ind2=" ">
    <subfield code="0">0</subfield>
    <subfield code="1">0</subfield>
    <subfield code="2">ddc</subfield>
    <subfield code="4">0</subfield>
    <subfield code="7">0</subfield>
    <subfield code="a">1061</subfield>
    <subfield code="b">1061</subfield>
    <subfield code="d">2025-10-23</subfield>
    <subfield code="l">1</subfield>
    <subfield code="o">H2</subfield>
    <subfield code="p">1061286021</subfield>
    <subfield code="r">2026-04-08 11:29:47</subfield>
    <subfield code="s">2026-01-02</subfield>
    <subfield code="w">2025-10-23</subfield>
    <subfield code="y">BK</subfield>
  </datafield>
</record>
